|
|
|
|
| LEADER |
00000nam0a2200000 4500 |
| 001 |
309304 |
| 005 |
20231102002158.0 |
| 020 |
|
|
|a RU
|b 81-51454
|
| 035 |
|
|
|a (RuTPU)RU\TPU\book\334626
|
| 090 |
|
|
|a 309304
|
| 100 |
|
|
|a 20151112d1981 k y0rusy5003 ca
|
| 101 |
0 |
|
|a rus
|
| 102 |
|
|
|a RU
|
| 105 |
|
|
|a a z 001zy
|
| 200 |
1 |
|
|a Метаморфизм в зоне перехода от Азиатского континента к Тихому океану
|f М. А. Мишкин
|g Академия наук СССР (АН СССР), Дальневосточный научный центр (ДНЦ), Дальневосточный геологический институт (ДВГИ)
|
| 210 |
|
|
|a Москва
|c Наука
|d 1981
|
| 215 |
|
|
|a 196 с.
|c ил.
|
| 320 |
|
|
|a Библиогр.: с. 182-193
|
| 606 |
|
|
|a Метаморфизм
|2 stltpush
|3 (RuTPU)RU\TPU\subj\43404
|9 62909
|
| 610 |
1 |
|
|a метаморфические формации
|
| 610 |
1 |
|
|a классификация
|
| 610 |
1 |
|
|a Сибирская платформа
|
| 610 |
1 |
|
|a метаморфические комплексы
|
| 610 |
1 |
|
|a Монголо-Охотская складчатая область
|
| 610 |
1 |
|
|a эволюция
|
| 675 |
|
|
|a 551.25
|v 3
|
| 700 |
|
1 |
|a Мишкин
|b М. А.
|g Михаил Афанасьевич
|
| 712 |
0 |
2 |
|a Академия наук СССР (АН СССР)
|b Дальневосточный научный центр (ДНЦ)
|b Дальневосточный геологический институт (ДВГИ)
|c (Владивосток)
|2 stltpush
|3 (RuTPU)RU\TPU\col\11563
|
| 801 |
|
0 |
|a RU
|b RuMRKP
|c 19950704
|g psbo
|
| 801 |
|
1 |
|a RU
|b 63413507
|c 20151112
|
| 801 |
|
2 |
|a RU
|b 63413507
|c 20180913
|g RCR
|
| 942 |
|
|
|c BK
|